Loading...
Dampathyam bandham bandhanam /
| Main Author: | |
|---|---|
| Language: | Undetermined |
| Published: |
Kozhikode :
Haritham Books ,
2003.
|
| LEADER | 00495nam a2200145Ia 4500 | ||
|---|---|---|---|
| 001 | 141300 | ||
| 008 | 170722s9999 xx 000 0 und d | ||
| 100 | |a Mathew, P. M. | ||
| 245 | |a Dampathyam bandham bandhanam / | ||
| 260 | |a Kozhikode : |b Haritham Books , |c 2003. | ||
| 300 | |a 191 p. | ||
| 923 | |d 20050110 |n 255-256 | ||
| 942 | |c GEN | ||
| 999 | |c 130621 |d 130621 | ||
| 952 | |0 0 |1 0 |4 0 |6 Y_217S_32N5 |7 0 |9 184507 |a LIB |b LIB |d 2013-03-25 |e Melinda Books |l 1 |o Y217:(S) 32N5 |p 256406 |r 2017-12-09 |s 2017-11-13 |v 90.00 |w 2017-08-12 |y GEN | ||